Normal view MARC view

Entry Topical Term

Number of records used in: 1

001 - CONTROL NUMBER

  • control field: 58076

003 - CONTROL NUMBER IDENTIFIER

  • control field: OSt

005 - DATE AND TIME OF LATEST TRANSACTION

  • control field: 20251202153305.0

008 - FIXED-LENGTH DATA ELEMENTS

  • fixed length control field: 251202|| aca||aabn | a|a d

040 ## - CATALOGING SOURCE

  • Original cataloging agency: OSt
  • Transcribing agency: OSt

150 ## - HEADING--TOPICAL TERM

  • Topical term or geographic name entry element: Legal aid, Emotion, Neoliberalism, Dirty work, Family law, Access to justice.

670 ## - SOURCE DATA FOUND

  • Source citation: Work cat.: (OSt): MacLachlan, Lara 58075, ‘Circling the drain’: The emotional ‘dirty’ work of legal aid workers

Powered by Koha